000 00752nam a2200253Ia 4500
005 20260429112022.0
008 260429s9999||||xx |||||||||||||| ||und||
020 _a9781032727509
041 _aEnglish
082 _a370.711
_bMAG
100 _aMagnússon, Gunnlaugur
245 0 _aTeacher education and its discontents :
_bpolitics, knowledge, and ethics /
_cGunnlaugur Magnússon
250 _a1st ed.
260 _aNew York :
_bRoutledge,
_c2025.
300 _axviii, 208 p.; pbk
440 _aLocal/Global Issues in Education
650 _a Education policy
650 _a Educational ethics
650 _aTeacher education
700 _a Heimans, Stephen
700 _a Phelan, Anne M.
700 _a Unsworth, Ruth
942 _cTB
999 _c51920
_d51920